<?xml version="1.0" encoding="UTF-8"?>
<collection xmlns="http://www.loc.gov/MARC21/slim">
 <record>
  <leader>02649nab a2200217 i 4500</leader>
  <controlfield tag="001">acta89017</controlfield>
  <controlfield tag="005">20251113153559.0</controlfield>
  <controlfield tag="008">251113s2023    hu      o     000   hun d</controlfield>
  <datafield tag="022" ind1=" " ind2=" ">
   <subfield code="a">2064-9258</subfield>
  </datafield>
  <datafield tag="040" ind1=" " ind2=" ">
   <subfield code="a">SZTE Egyetemi Kiadványok Repozitórium</subfield>
   <subfield code="b">hun</subfield>
  </datafield>
  <datafield tag="041" ind1=" " ind2=" ">
   <subfield code="a">hun</subfield>
  </datafield>
  <datafield tag="100" ind1="2" ind2=" ">
   <subfield code="a">Mercz-Madarassy Kitti</subfield>
  </datafield>
  <datafield tag="245" ind1="1" ind2="2">
   <subfield code="a">A várandósság alatt megélt tényezők hatása a szülésélményre</subfield>
   <subfield code="h">[elektronikus dokumentum] /</subfield>
   <subfield code="c"> Mercz-Madarassy Kitti</subfield>
  </datafield>
  <datafield tag="260" ind1=" " ind2=" ">
   <subfield code="a">SZTE BTK Pszichológiai Intézet</subfield>
   <subfield code="b">Szeged</subfield>
   <subfield code="c">2023</subfield>
  </datafield>
  <datafield tag="300" ind1=" " ind2=" ">
   <subfield code="a">1-19</subfield>
  </datafield>
  <datafield tag="490" ind1="0" ind2=" ">
   <subfield code="a">Impulzus : szegedi pszichológiai tanulmányok</subfield>
   <subfield code="v">10 No. 1</subfield>
  </datafield>
  <datafield tag="520" ind1="3" ind2=" ">
   <subfield code="a">A szülés összetett, nehéz és nagy hatással bíró életesemény, melynek megélése befolyást gyakorolhat a posztnatális időszakra a pszichés állapot, a gyermekgondozás és az anya-gyermek kapcsolat kialakulásának tekintetében. Magát a szülésélményt számos tényező befolyásolja; így a várandósság lefolyása, megélése, és a várandósság alatt megtapasztalt tényezők. Jelen kutatásban célom az volt, hogy azonosítsam, a várandósság alatt megélt tényezők közül melyek fejtenek ki hatást a szubjektív szülésélményre, a szülés közben megélt érzelmekre. Online kérdőíves vizsgálatomban 260 édesanya vett részt. A várandósság harmadik trimeszterében mértem a szorongást (STAI-S), a depressziót (EPDS) a párkapcsolati elégedettséget (RAS-H), a szüléssel kapcsolat attitűdöt (Szülés attitűd Kérdőív), valamint a kontroll szerinti beállítódást (I-ECS). A posztpartum időszak (szülést követő hat hét) leteltével felvettem a szülésélményre vonatkozó adatokat. Eredményeim alapján több olyan tényezőt sikerült azonosítani, mely együttjárást mutat a szülés közben megélt pozitívabb érzésekkel. Úgy, mint a szorongás alacsonyabb szintje (p&lt;0,001; ρ=-335), a depresszió kérdőíven elért alacsonyabb pontszám (p&lt;0,001; ρ=-0,310) és a belső kontrollos beállítódás (W=117737; p=0,004). Ezen kívül megmutatkozott, hogy a belső kontroll hozzájárul a természetesebb, beavatkozásoktól mentes szülésre való felkészüléshez (W=25546; p=0,006). Az eredmények alapján kirajzolódik, hogy a várandósság alatt megélt pszichés állapot és a belső kontrollos beállítódás együttjárást mutat a szülés közben megélt érzelmekkel, tehát a szubjektív szülésélmény minőségével.</subfield>
  </datafield>
  <datafield tag="650" ind1=" " ind2="4">
   <subfield code="a">Társadalomtudományok</subfield>
  </datafield>
  <datafield tag="650" ind1=" " ind2="4">
   <subfield code="a">Pszichológia</subfield>
  </datafield>
  <datafield tag="695" ind1=" " ind2=" ">
   <subfield code="a">Várandósság, Szülésélmény, Depresszió, Pszichológia</subfield>
  </datafield>
  <datafield tag="856" ind1="4" ind2="0">
   <subfield code="u">http://acta.bibl.u-szeged.hu/89017/1/impulzus_010_001_008.pdf</subfield>
   <subfield code="z">Dokumentum-elérés </subfield>
  </datafield>
 </record>
</collection>
